| 000 | 02766ngm a2200421 4500 | ||
|---|---|---|---|
| 003 | dpl | ||
| 005 | 20100306144127.0 | ||
| 007 | DVD | ||
| 008 | ||||||sp199 xxu|||||c ||| 00| 0 ng d | ||
| 010 | _aDVD-006107-6114 & DVD-006450 | ||
| 024 | _c149.00 | ||
| 035 | _aDVD-006107-6114 | ||
| 035 | _aDVD-006450 | ||
| 040 |
_aDPL _cDPL |
||
| 082 | _aDVD GOON | ||
| 245 |
_aGoonj Uthi Shehnai _cPrakash Chitra Presents _h[videorecording] DVD/ |
||
| 260 | _bEagle Home Entertainment | ||
| 300 |
_a1 videodisc DVD; _bsd., col. ; _c4 3/4 in. _fDVD |
||
| 440 | _aEagle Video Home Entertainment | ||
| 538 | _aDolby Digital 5.1 - Hindi Subtitles: English | ||
| 650 | _aMotion Picture | ||
| 700 | _aChitra, Prakash | ||
| 700 | _aRajendra Kumar | ||
| 700 | _aAmeeta | ||
| 700 | _aUlhas | ||
| 700 | _aDhawan, Prem | ||
| 942 |
_cCF _2ddc _hDVD _mGOON |
||
| 999 |
_c34479 _d34479 |
||